000 002360000a22000970004500
100 1 _aHelm, Paul
245 1 0 _aEternal creation
300 _aVol. 2, Num. 45 (Noviembre, 1994), Páginas 321-338
773 0 _tTyndale Bulletin
942 _cANA
999 _c56719
_d56719